000 00301nam a22001337a 4500
008 180131b xxu||||| |||| 00| 0 eng d
020 _a347098002
041 _aeng
080 _a910
100 _a42
101 _aGJEO
245 _aEconomic Geography of South America
_cWhitebeck
942 _2udc
_cBK
999 _c41317
_d41317